Daňové výdavky na vzdelávacie a rekreačné zariadenia

Bibliographic Details
Main Author: Michňová, Angela (Author)
Format: Article
Language:Slovak
Subjects:

MARC

LEADER 00000nab a2200000 a 4500
001 vtls000723761
003 SK-MaSNL
005 20260302195942.0
008 180206c2000 xo 0 slo
015 |a SNBRB2000/06-15009 
035 |a CLN000075926 
040 |a SNKBUCL  |b slo  |c SNKBUCL  |e AACR2 
041 0 |a slo 
044 |a xo  |c SK 
080 |a 336.215.027.55:331.85/.86  |2 UDC-MRF-SK2 
080 |a 331.85/.86  |2 UDC-MRF-SK2 
100 1 |a Michňová, Angela  |4 aut  |9 688870 
245 1 0 |a Daňové výdavky na vzdelávacie a rekreačné zariadenia  |c Angela Michňová 
650 0 7 |a dane z príjmov  |x výdavky daňovouznateľné  |x výdavky na vzdelávacie a rekreačné zariadenia  |x zahrnutie  |2 snkbucl  |9 918225 
650 0 7 |a zariadenia vzdelávacie  |2 snkbucl  |9 887658 
650 0 7 |a rekreačné zariadenia  |2 snkbucl  |9 3012 
655 7 |a články z novín a časopisov  |2 snkbucl  |9 267496 
773 0 |x 1335-0714  |t Ekonomický a právny poradca podnikateľa  |g Č. 8 (2000), s. 58-60 
850 |a Slovenská národná knižnica v Martine 
852 |a SNK  |b KIS3GCP 
958 |a RBX 
999 |c 1454621  |d 1456551